banner koha

Ocorrência de Drepanoconis larviformis infectando espécies de Lauraceae no Mato Grosso do Sul, Brasil (Registro n. 332280)

MARC details
000 -LÍDER
fixed length control field 03625nab a2200349 i 4500
003 - CÓDIGO MARC DA AGÊNCIA CATALOGADORA
Campo de controle BR-BrBNA
005 - DATA E HORA DA ÚLTIMA ATUALIZAÇÃO
Campo de controle 20250627164222.0
008 - CAMPO DE TAMANHO FIXO
fixed length control field 250627b2017 bl.qr|pooa||| 00| 0 por |
040 ## - FONTE DA CATALOGAÇÃO
Agência catalogadora BR-BrBNA
Idioma da catalogação por
072 ## - CATEGORIA AGRIS
Código AGRIS H20
Código do objeto 4120
072 ## - CATEGORIA AGRIS
Código AGRIS H01
100 ## - ENTRADA PRINCIPAL - NOME PESSOAL
Nome pessoal Carvalho, Cassia de
100 ## - ENTRADA PRINCIPAL - NOME PESSOAL
Nome pessoal Gavassoni, Walber Luiz
100 ## - ENTRADA PRINCIPAL - NOME PESSOAL
Nome pessoal Pontim, Bruno Cezar Álvaro
100 ## - ENTRADA PRINCIPAL - NOME PESSOAL
Nome pessoal Barizon, Jefferson de Oliveira
100 ## - ENTRADA PRINCIPAL - NOME PESSOAL
Nome pessoal Bacchi, Lilian Maria Arruda
100 ## - ENTRADA PRINCIPAL - NOME PESSOAL
Nome pessoal Alves, Flávio Macedo
245 ## - TÍTULO PRINCIPAL
Título principal Ocorrência de Drepanoconis larviformis infectando espécies de Lauraceae no Mato Grosso do Sul, Brasil
500 ## - NOTA GERAL
Nota geral <br/><br/>Publicação online; 17 ref.; 4 illus.; Summaries (En, Pt)
942 ## - ADDED ENTRY ELEMENTS (KOHA)
Koha item type Analítica
520 ## - NOTA DE RESUMO
Nota de conteúdo <br/><br/><br/>RESUMO: Drepanoconis larviformis foi identificado em vários países, causando doença em espécies da família Lauraceae. Folhas, flores, frutos e caule de árvores adultas de Nectandra megapotamica e N. hihua foram observadas apresentando galhas com intensa produção de um pó de coloração branca em Dourados, Mato Grosso do Sul, Brasil. Partes das plantas com os sintomas foram coletadas para observações microscópicas, objetivando a identificação do patógeno. Foram mensurados o comprimento, largura e espessura da parede de 50 esporos, aleatoriamente. Esses apresentaram-se hialinos, septados, com paredes espessas e superfície rugosa, alargados e com cicatriz basal evidente, geralmente curvados e apresentando aspecto de larva. As dimensões dos esporos variaram de 51,44-89,02 μm a 28,59-44,98 μm, a parede celular variou de 8,27-15,12 μm de espessura e eles apresentaram de 3 a 7 septos, sendo identificados como basidiosporos de D. larviformis. Esse é o primeiro relato de sua ocorrência no Estado de Mato Grosso do Sul e, possivelmente, na região do Cerrado do Brasil, atacando N. megapotamica e N. hihua. <br/><br/><br/>PALAVRAS-CHAVE: Drepanoconis larviformis, Cryptobasidiaceae, Nectandra megapotamica, N. hihua
520 ## - NOTA DE RESUMO
Nota de conteúdo <br/><br/><br/>ABSTRACT: Drepanoconis larviformis has been identified in several countries, causing diseases in species of the Lauraceae family. Leaves, flowers, fruits and stems of adult Nectandra megapotamica and N. hihua trees exhibit a whitish powdery gall in Dourados county. Parts of the plants with the symptoms were collected for microscopic observation. The length, width and cell wall of the spores associated with symptoms were measured in 50 randomly chosen. Spores were hyaline, septate, with thick walls and rough surface, enlarged and with an evident basal scar, usually curved and presenting the appearance of a larva. The dimensions of the spores ranged from 51.44-89.02μm and 28.59-44.98μm. Cell walls were 8.27-15.12μm thick. Spores had 3 to 7 septa and were identified as basidiospores of the fungus D. larviformis. This is the first report of its occurrence in the State of Mato Grosso do Sul and possibly in the Cerrado region of Brazil attacking N. megapotamica and N. hihua.<br/><br/><br/>KEYWORDS: Drepanoconis larviformis, Cryptobasidiacea, Nectandra megapotamica, N. Hihua
650 ## - ASSUNTO - THESAGRO
Cabeçalho tópico ou nome geográfico LAURACEAE
650 ## - ASSUNTO - THESAGRO
Cabeçalho tópico ou nome geográfico DOENÇA DE PLANTA
650 ## - ASSUNTO - THESAGRO
Cabeçalho tópico ou nome geográfico FUNGO
650 ## - ASSUNTO - THESAGRO
Cabeçalho tópico ou nome geográfico LEVANTAMENTO FITOSSÁNITÁRIO
650 ## - ASSUNTO - THESAGRO
Cabeçalho tópico ou nome geográfico DEFESA VEGETAL
650 ## - ASSUNTO - THESAGRO
Cabeçalho tópico ou nome geográfico MATO GROSSO DO SUL
773 0# - ENTRADA ANALÍTICA
Host Biblionumber 3551
Registro do item 345992
Imprenta Belém-PA Faculdade de Ciências Agrárias do Pará 1999
Outro identificador 2024-6641
Título Revista de Ciências Agrárias (Brazil)
ISSN 1517-591X Impresso/Versão online ISSN 2177-8760
Colação v. 60(1) p. 120-124; (2017)
Número de controle de registro BR2025003988
856 ## - ACESSO E ENDEREÇO ELETRÔNICO
Identificador uniforme de recurso - URI https://ajaes.ufra.edu.br/index.php/ajaes/article/view/2218/911

Nenhum exemplar disponível.

BINAGRI

Telefone: (61)3218-2567/2388/3357/2097 - binagri@agro.gov.br

Ministério da Agricultura e Pecuária , Esplanada dos Ministérios, Bloco D, Anexo B, Brasília/DF, CEP: 70.043-900